Corporate Social Responsibility as a Part of the Strategies for Business Sustainability Based on the Innovative Activity Development

Táto kapitola identifikuje najefektívnejšie opatrenia pilierov spoločenskej zodpovednosti firiem, ktoré podnecujú implementáciu SZP ako inovatívneho nástroja pre moderné podnikanie.

Saved in:
Bibliographic Details
Main Author: Ubrežiová, Iveta
Other Authors: Sokil, Oksana, Janošková, Mária, 1965-
Format: Book Chapter
Language:English
Subjects:
Tags: Add Tag
No Tags, Be the first to tag this record!

MARC

LEADER 00000naa$a2200000$$$4500
001 0306290
005 20260211132742.2
041 0 |a eng 
044 |a GB 
245 1 0 |a Corporate Social Responsibility as a Part of the Strategies for Business Sustainability Based on the Innovative Activity Development  |c Iveta Ubrežiová, Oksana Sokil, Mária Janošková 
520 |a Táto kapitola identifikuje najefektívnejšie opatrenia pilierov spoločenskej zodpovednosti firiem, ktoré podnecujú implementáciu SZP ako inovatívneho nástroja pre moderné podnikanie. 
610 2 0 |a zodpovednosť podniku spoločenská 
610 2 0 |a rozvoj trvalo udržateľný 
610 2 0 |a politika inovačná 
610 2 0 |a stratégia podnikateľská 
100 1 |a Ubrežiová, Iveta 
700 1 |a Sokil, Oksana 
700 1 |a Janošková, Mária, 1965-